000 00745nam a2200277Ia 4500
003 OSt
005 20220912144951.0
006 a|||||r|||| 00| 0
007 ta
008 220909b |||||||| |||| 00| 0 eng d
024 _a84306
037 _cTextbook
040 _aCSL
_beng
_cCSL
041 _aeng
082 _aL7:3, N6
100 _aFahim Mohammad Ed.
245 0 _aPeripheral elements of nervous system
260 _aDelhi
_bVallabhbhai Patel Chest Institute
_c1996
300 _avii, 148p.
_ccm.
500 _aIncludes bibliographical references.
650 _a Nervous system
650 _aMedicine
942 _hL7:3, N6
_cTB
_2CC
999 _c19758
_d19758